000 00541nam a22001937a 4500
003 KOHA_MİRAKIL
005 20251218100609.0
008 251218b tu ||||| |||| 00| 0 tur d
020 _a9786256983502
040 _aTR-AnABB
_btur
_cTR-AnABB
041 _atur
082 _a956.631
_bYUR 2024
100 1 _aYurttaş, Hüseyin,
245 1 0 _aTarihi ve kültürel varlıklarıyla Erzurum /
_cHüseyin Yurttaş
260 _aErzurum :
_bAta Yayınevi,
_c2024
300 _a371 sayfa ;
_c27 cm
650 0 4 _aTarih
942 _2ddc
_cBK
999 _c9754
_d9754
900 _bGizem YORULMAZ